[Event "Winnipeg TNT September op"]
[Site "Winnipeg"]
[Date "2009.09.01"]
[Round "1"]
[White "Gibbons, Lorne"]
[Black "Green, Aaron"]
[Result "0-1"]
[WhiteElo "1294"]
[BlackElo "1901"]
[PlyCount "51"]
[EventDate "2009.09.01"]
[EventType "swiss"]
[EventRounds "4"]
[EventCountry "CAN"]
[SourceTitle "EXT 2011"]
[Source "ChessBase"]
[SourceDate "2010.11.26"]
[SourceVersion "1"]
[SourceVersionDate "2010.11.26"]
[SourceQuality "1"]

1. d4 Nf6 2. Bf4 g6 3. c4 d5 4. cxd5 Nxd5 5. Bg3 Bg7 6. e4 Nb6 7. e5 Nc6 8. Bb5 Bd7 9. Bxc6 Bxc6 10. f3 0-0 11. Ne2 e6 12. 0-0 Nd5 13. Qd2 Qe7 14. a3 Bb5 15. Rd1 Bxe2 16. Qxe2 Rac8 17. Rd3 c5 18. dxc5 Qxc5+ 19. Kf1 Qc1+ 20. Kf2 Bh6 21. Rd1 Qc2 22. Nc3 Rxc3 23. Rxd5 Qxe2+ 24. Kxe2 Re3+ 25. Kf2 exd5 26. f4 0-1

[Event "Winnipeg TNT August op"]
[Site "Winnipeg"]
[Date "2009.08.25"]
[Round "4"]
[White "Gibbons, Lorne"]
[Black "Wasserman, Leor"]
[Result "0-1"]
[WhiteElo "1238"]
[BlackElo "1650"]
[PlyCount "63"]
[EventDate "2009.08.04"]
[EventType "swiss"]
[EventRounds "4"]
[EventCountry "CAN"]
[SourceTitle "EXT 2011"]
[Source "ChessBase"]
[SourceDate "2010.11.26"]
[SourceVersion "1"]
[SourceVersionDate "2010.11.26"]
[SourceQuality "1"]

1. d4 d5 2. c4 e6 3. Bf4 Nf6 4. e3 c5 5. Nc3 Nc6 6. Nb5 Qa5+ 7. Nc3 Ne4 8. Nge2 cxd4 9. exd4 Bb4 10. Qc2 0-0 11. Bd2 Nxd2 12. Qxd2 dxc4 13. a3 Rd8 14. f4 e5 15. fxe5 Nxe5 16. Nf4 Bf5 17. Rd1 Bxc3 18. Qxc3 Qxc3+ 19. bxc3 Ng6 20. Nxg6 Bxg6 21. Bxc4 Rac8 22. Bxf7+ Bxf7 23. Kd2 Bc4 24. Rhe1 Re8 25. Rxe8+ Rxe8 26. Re1 Rxe1 27. Kxe1 Kf7 28. Kd2 Ke6 29. Ke3 g6 30. Ke4 Kf6 31. h4 h5 32. g4 0-1

[Event "Albert Boxer Classic op"]
[Site "Winnipeg"]
[Date "2009.05.30"]
[Round "3"]
[White "Gibbons, Lorne"]
[Black "Gannon, Keith"]
[Result "0-1"]
[WhiteElo "1246"]
[BlackElo "1598"]
[PlyCount "32"]
[EventDate "2009.05.29"]
[EventType "swiss"]
[EventRounds "5"]
[EventCountry "CAN"]
[SourceTitle "EXT 2011"]
[Source "ChessBase"]
[SourceDate "2010.11.26"]
[SourceVersion "1"]
[SourceVersionDate "2010.11.26"]
[SourceQuality "1"]

1. d4 d5 2. c4 e6 3. cxd5 exd5 4. Bf4 Nf6 5. h3 Nc6 6. Nf3 Bb4+ 7. Nbd2 Ne4 8. a3 Bxd2+ 9. Bxd2 Nxd2 10. Qxd2 0-0 11. e3 Re8 12. Rc1 a6 13. Bd3 g6 14. Qc2 Qf6 15. 0-0 Re7 16. g4 Qxf3 0-1

[Event "Winnipeg TNT March op"]
[Site "Winnipeg"]
[Date "2009.03.10"]
[Round "2"]
[White "Einarsson, Ken"]
[Black "Gibbons, Lorne"]
[Result "1-0"]
[WhiteElo "1694"]
[BlackElo "1232"]
[PlyCount "33"]
[EventDate "2009.03.03"]
[EventType "swiss"]
[EventRounds "5"]
[EventCountry "CAN"]
[SourceTitle "EXT 2011"]
[Source "ChessBase"]
[SourceDate "2010.11.26"]
[SourceVersion "1"]
[SourceVersionDate "2010.11.26"]
[SourceQuality "1"]

1. d4 d5 2. c4 e6 3. Nc3 Nf6 4. Nf3 Bd7 5. e3 Be7 6. Qb3 Bc6 7. Ne5 Qd6 8. c5 Qxc5 9. dxc5 Na6 10. Bxa6 b5 11. Nxc6 0-0 12. Nxe7+ Kh8 13. Nxb5 Rfe8 14. Nxc7 Rab8 15. Nxe8 Nxe8 16. Qxb8 f6 17. Qxe8# 1-0

[Event "Winnipeg TNT March op"]
[Site "Winnipeg"]
[Date "2009.03.03"]
[Round "1"]
[White "Gibbons, Lorne"]
[Black "Strehlow, Chris"]
[Result "1/2-1/2"]
[WhiteElo "1232"]
[BlackElo "1827"]
[PlyCount "40"]
[EventDate "2009.03.03"]
[EventType "swiss"]
[EventRounds "5"]
[EventCountry "CAN"]
[SourceTitle "EXT 2011"]
[Source "ChessBase"]
[SourceDate "2010.11.26"]
[SourceVersion "1"]
[SourceVersionDate "2010.11.26"]
[SourceQuality "1"]

1. d4 d5 2. c4 dxc4 3. Nc3 e6 4. e4 Bb4 5. Bxc4 Ne7 6. Nge2 b6 7. Bd2 Bb7 8. f3 0-0 9. 0-0 Nbc6 10. Be1 Qd7 11. d5 exd5 12. Nxd5 Bc5+ 13. Kh1 Rad8 14. b4 Nxd5 15. Bxd5 Be7 16. a3 Ba6 17. Rf2 Ne5 18. Nc3 Bc4 19. Rd2 Bd6 20. f4 c6 1/2-1/2

[Event "Winnipeg Grand Prix op-D"]
[Site "Winnipeg"]
[Date "2008.12.16"]
[Round "6"]
[White "Gibbons, Lorne"]
[Black "Letain, Cory"]
[Result "0-1"]
[WhiteElo "1240"]
[BlackElo "1512"]
[PlyCount "36"]
[EventDate "2008.11.04"]
[EventType "tourn"]
[EventRounds "6"]
[EventCountry "CAN"]
[SourceTitle "EXT 2011"]
[Source "ChessBase"]
[SourceDate "2010.11.26"]
[SourceVersion "1"]
[SourceVersionDate "2010.11.26"]
[SourceQuality "1"]

1. d4 d5 2. c4 c6 3. Nc3 Nf6 4. a4 dxc4 5. e4 Qa5 6. d5 Nxe4 7. Nge2 cxd5 8. Qxd5 Qxd5 9. Nxd5 Na6 10. Nd4 e6 11. Ne3 Bb4+ 12. Ke2 0-0 13. Ndc2 Rd8 14. Nxb4 Nxb4 15. Kf3 Ng5+ 16. Kf4 h6 17. Bxc4 Rd4+ 18. Ke5 Nc6# 0-1

[Event "Winnipeg Grand Prix op-D"]
[Site "Winnipeg"]
[Date "2008.12.09"]
[Round "5"]
[White "Wasserman, Leor"]
[Black "Gibbons, Lorne"]
[Result "1-0"]
[WhiteElo "1498"]
[BlackElo "1240"]
[PlyCount "83"]
[EventDate "2008.11.04"]
[EventType "tourn"]
[EventRounds "6"]
[EventCountry "CAN"]
[SourceTitle "EXT 2011"]
[Source "ChessBase"]
[SourceDate "2010.11.26"]
[SourceVersion "1"]
[SourceVersionDate "2010.11.26"]
[SourceQuality "1"]

1. e4 d6 2. Nf3 g6 3. d4 Bg7 4. Nc3 e6 5. Bc4 Ne7 6. Bf4 Nd7 7. 0-0 Nb6 8. Bb3 c6 9. Qd2 d5 10. e5 0-0 11. Bh6 Bxh6 12. Qxh6 Nf5 13. Qd2 h5 14. Ne2 f6 15. Nf4 Qe8 16. c3 g5 17. Nd3 Qg6 18. exf6 Rxf6 19. Nde5 Qg7 20. Qxg5 Qxg5 21. Nxg5 Nd7 22. Rfe1 Nxe5 23. Rxe5 Bd7 24. Nh3 Raf8 25. Rae1 Kf7 26. Bc2 Kg6 27. Nf4+ Kf7 28. Nxh5 Rh6 29. Nf4 Ng7 30. R5e3 Rfh8 31. h3 Rf6 32. Nd3 b6 33. Rg3 Kf8 34. Ne5 Be8 35. Bg6 Nf5 36. Rg4 Nh6 37. Rg3 Nf5 38. Bxf5 exf5 39. Nd3 Rhh6 40. Rge3 Bd7 41. Re7 Re6 42. Rxd7 1-0

[Event "Winnipeg Grand Prix op-D"]
[Site "Winnipeg"]
[Date "2008.11.25"]
[Round "3"]
[White "Swift, Ryne"]
[Black "Gibbons, Lorne"]
[Result "1-0"]
[WhiteElo "1563"]
[BlackElo "1240"]
[PlyCount "53"]
[EventDate "2008.11.04"]
[EventType "tourn"]
[EventRounds "6"]
[EventCountry "CAN"]
[SourceTitle "EXT 2011"]
[Source "ChessBase"]
[SourceDate "2010.11.26"]
[SourceVersion "1"]
[SourceVersionDate "2010.11.26"]
[SourceQuality "1"]

1. e4 e5 2. Nf3 f6 3. Bc4 Nc6 4. d4 exd4 5. Nxd4 Nge7 6. Nc3 Nxd4 7. Qxd4 Nc6 8. Qd1 Bc5 9. Qh5+ g6 10. Qxc5 d6 11. Qe3 Qe7 12. Nd5 Qd8 13. Bd2 Ne5 14. Bb3 c6 15. Nf4 Qe7 16. 0-0-0 a5 17. a3 Ra6 18. Nd3 b5 19. Nxe5 fxe5 20. Qg5 Be6 21. Qxe7+ Kxe7 22. Bg5+ Kd7 23. Bxe6+ Kxe6 24. Rd3 c5 25. Rf3 Kd7 26. Rf7+ Ke6 27. Re7# 1-0

[Event "Winnipeg ThankGibbons op-B"]
[Site "Winnipeg"]
[Date "2008.10.25"]
[Round "2"]
[White "Gibbons, Lorne"]
[Black "Remillard, John"]
[Result "0-1"]
[WhiteElo "1202"]
[BlackElo "1625"]
[PlyCount "83"]
[EventDate "2008.10.24"]
[EventType "swiss"]
[EventRounds "5"]
[EventCountry "CAN"]
[SourceTitle "EXT 2011"]
[Source "ChessBase"]
[SourceDate "2010.11.26"]
[SourceVersion "1"]
[SourceVersionDate "2010.11.26"]
[SourceQuality "1"]

1. d4 d5 2. c4 c6 3. a4 Bf5 4. Nc3 e6 5. c5 Nf6 6. f3 Be7 7. g4 Bg6 8. Bf4 Nfd7 9. a5 Bh4+ 10. Bg3 Na6 11. Qb3 Bxg3+ 12. hxg3 Rb8 13. e3 Nc7 14. Qa4 0-0 15. b4 e5 16. Kf2 exd4 17. exd4 Qg5 18. Rd1 Rfe8 19. Kg2 f5 20. gxf5 Bxf5 21. f4 Qe7 22. Nf3 a6 23. Qa1 Nb5 24. Nxb5 axb5 25. Qb2 Nf6 26. Rd2 Be4 27. Qc3 Ng4 28. Re2 Qf6 29. Rh4 Nh6 30. Rh2 g5 31. fxg5 Qxg5 32. Qd2 Bxf3+ 33. Kxf3 Qg4+ 34. Kg2 Nf5 35. Rxe8+ Rxe8 36. Qf4 Ne3+ 37. Kg1 Qxf4 38. gxf4 Nf5 39. Bd3 Rf8 40. Rh5 Nxd4 41. Rxh7 Rf7 42. Rh4 0-1

[Event "Yanofsky Memorial op U1800"]
[Site "Winnipeg"]
[Date "2008.08.30"]
[Round "3"]
[White "Gibbons, Lorne"]
[Black "Araullo, Katrina"]
[Result "1-0"]
[WhiteElo "1190"]
[BlackElo "1084"]
[PlyCount "103"]
[EventDate "2008.08.29"]
[EventType "swiss"]
[EventRounds "5"]
[EventCountry "CAN"]
[SourceTitle "EXT 2019"]
[Source "ChessBase"]
[SourceDate "2018.10.10"]
[SourceVersion "1"]
[SourceVersionDate "2018.10.10"]
[SourceQuality "1"]

1. Nf3 d5 2. d4 Nf6 3. c4 e6 4. Nc3 Bb4 5. Bd2 0-0 6. Qc2 Nc6 7. e3 a6 8. 0-0-0 Bxc3 9. Bxc3 b5 10. cxb5 axb5 11. Qb3 Ba6 12. Bxb5 Bxb5 13. Qxb5 Qd7 14. a3 Rab8 15. Qf1 Na7 16. Rd3 Qc6 17. Ne5 Qa4 18. Qd1 Qxd1+ 19. Rhxd1 Nb5 20. Bb4 Rfe8 21. R1d2 Ne4 22. Rc2 h6 23. f3 Nf6 24. Ba5 Rbc8 25. a4 Nd6 26. Rxc7 Rxc7+ 27. Bxc7 Rc8 28. Rc3 Nde8 29. Ba5 Ra8 30. Rc5 Nd6 31. Nc6 Nb7 32. Rb5 Nd6 33. Rc5 Ra6 34. b3 Nb7 35. Nb8 Nxc5 36. Nxa6 Nxa6 37. b4 Nb8 38. b5 Nfd7 39. Bc7 Kh7 40. b6 Nc6 41. b7 f6 42. a5 Kg6 43. a6 Ndb8 44. Bxb8 Nxb8 45. a7 Na6 46. a8Q Nc7 47. b8Q Nxa8 48. Qxa8 h5 49. h4 Kf5 50. Qh8 g6 51. Kd2 e5 52. Qc8# 1-0

[Event "Winnipeg TNT June op"]
[Site "Winnipeg"]
[Date "2008.06.10"]
[Round "2"]
[White "Evans, Brian"]
[Black "Gibbons, Lorne"]
[Result "1-0"]
[WhiteElo "1508"]
[BlackElo "1191"]
[PlyCount "39"]
[EventDate "2008.06.03"]
[EventType "swiss"]
[EventRounds "4"]
[EventCountry "CAN"]
[SourceTitle "EXT 2011"]
[Source "ChessBase"]
[SourceDate "2010.11.26"]
[SourceVersion "1"]
[SourceVersionDate "2010.11.26"]
[SourceQuality "1"]

1. e4 e5 2. Nf3 d6 3. d4 Qf6 4. dxe5 dxe5 5. Bg5 Qd6 6. Nc3 Qxd1+ 7. Rxd1 f6 8. Be3 Bb4 9. Rd3 Bg4 10. Be2 Bh5 11. 0-0 Bxc3 12. Rxc3 c6 13. h3 Ne7 14. g4 Bf7 15. Bc5 Ng6 16. Nd2 Nf4 17. Re1 Nxh3+ 18. Rxh3 b6 19. Be3 c5 20. Bb5+ 1-0

[Event "Winnipeg TNT April op"]
[Site "Winnipeg"]
[Date "2008.04.22"]
[Round "4"]
[White "Wasserman, Leor"]
[Black "Gibbons, Lorne"]
[Result "1-0"]
[WhiteElo "1464"]
[BlackElo "1256"]
[PlyCount "37"]
[EventDate "2008.01.04"]
[EventType "swiss"]
[EventRounds "5"]
[EventCountry "CAN"]
[SourceTitle "EXT 2011"]
[Source "ChessBase"]
[SourceDate "2010.11.26"]
[SourceVersion "1"]
[SourceVersionDate "2010.11.26"]
[SourceQuality "1"]

1. e4 Nc6 2. Nf3 d6 3. Bc4 Bg4 4. 0-0 Bxf3 5. Qxf3 Ne5 6. Qb3 b6 7. d4 Nxc4 8. Qxc4 Qd7 9. Nc3 c6 10. Be3 b5 11. Qb3 a6 12. a4 e6 13. axb5 cxb5 14. d5 e5 15. Bb6 Qb7 16. Be3 Be7 17. Na4 Nf6 18. f3 bxa4 19. Qxb7 1-0

[Event "Winnipeg Kent Oliver Memorial"]
[Site "Winnipeg"]
[Date "2008.01.11"]
[Round "1"]
[White "Gibbons, Lorne"]
[Black "Greenberg, Harley"]
[Result "0-1"]
[WhiteElo "1273"]
[BlackElo "1820"]
[PlyCount "30"]
[EventDate "2008.01.11"]
[EventType "swiss"]
[EventRounds "5"]
[EventCountry "CAN"]
[SourceTitle "EXT 2011"]
[Source "ChessBase"]
[SourceDate "2010.11.26"]
[SourceVersion "1"]
[SourceVersionDate "2010.11.26"]
[SourceQuality "1"]

1. d4 Nf6 2. c4 e6 3. a3 c5 4. Be3 cxd4 5. Bxd4 Nc6 6. Bc3 Be7 7. Nd2 d5 8. cxd5 exd5 9. b4 0-0 10. e3 Re8 11. Ngf3 d4 12. Bxd4 Bxb4 13. axb4 Nxd4 14. Bd3 Nc6 15. Rb1 Qxd3 0-1

[Event "Winnipeg Grand Prix Finals ABCD"]
[Site "Winnipeg"]
[Date "2007.11.27"]
[Round "6"]
[White "Gibbons, Lorne"]
[Black "Green, Aaron"]
[Result "0-1"]
[WhiteElo "1307"]
[BlackElo "1567"]
[PlyCount "60"]
[EventDate "2007.11.06"]
[EventType "swiss"]
[EventRounds "6"]
[EventCountry "CAN"]
[SourceTitle "EXT 2022"]
[Source "ChessBase"]
[SourceDate "2021.10.06"]
[SourceVersion "1"]
[SourceVersionDate "2021.10.06"]
[SourceQuality "1"]

1. d4 Nf6 2. c4 g6 3. b3 d5 4. c5 Bg7 5. Bb2 c6 6. Nf3 0-0 7. Qc2 Bf5 8. Qc1 Na6 9. a3 Nc7 10. Nbd2 h5 11. Nh4 e6 12. f3 g5 13. Nxf5 exf5 14. g3 g4 15. f4 Re8 16. h3 Ne4 17. Nxe4 Rxe4 18. Qd2 Qe7 19. hxg4 hxg4 20. b4 Re8 21. Rh2 Re3 22. Rg2 Rb3 23. Qc2 Qe3 24. Bc1 Qc3+ 25. Qxc3 Rxc3 26. Bd2 Bxd4 27. Ra2 Rb3 28. Bc1 Rb1 29. Kd1 Be3 30. Rc2 Nb5 0-1

[Event "Winnipeg TNT October op"]
[Site "Winnipeg"]
[Date "2007.10.30"]
[Round "5"]
[White "Reimer, Bruce"]
[Black "Gibbons, Lorne"]
[Result "1-0"]
[WhiteElo "1541"]
[BlackElo "1332"]
[PlyCount "41"]
[EventDate "2007.10.02"]
[EventType "swiss"]
[EventRounds "5"]
[EventCountry "CAN"]
[SourceTitle "EXT 2022"]
[Source "ChessBase"]
[SourceDate "2021.10.06"]
[SourceVersion "1"]
[SourceVersionDate "2021.10.06"]
[SourceQuality "1"]

1. e4 e5 2. Nf3 Nc6 3. Bb5 Bd6 4. Nc3 Nf6 5. 0-0 Ne7 6. d4 exd4 7. Nxd4 c6 8. Bc4 Qc7 9. Nf3 0-0 10. Re1 Bc5 11. Na4 Bb6 12. Nxb6 axb6 13. Bg5 b5 14. Bxf6 bxc4 15. Bxe7 d5 16. Bxf8 Be6 17. Bb4 Ra4 18. Bc3 b5 19. exd5 cxd5 20. Qd4 b4 21. Qxg7# 1-0

[Event "Winnipeg TNT October op"]
[Site "Winnipeg"]
[Date "2007.10.09"]
[Round "2"]
[White "Gibbons, Lorne"]
[Black "Reimer, Bruce"]
[Result "0-1"]
[WhiteElo "1332"]
[BlackElo "1541"]
[PlyCount "64"]
[EventDate "2007.10.02"]
[EventType "swiss"]
[EventRounds "5"]
[EventCountry "CAN"]
[SourceTitle "EXT 2022"]
[Source "ChessBase"]
[SourceDate "2021.10.06"]
[SourceVersion "1"]
[SourceVersionDate "2021.10.06"]
[SourceQuality "1"]

1. d4 Nf6 2. c4 e6 3. a3 b6 4. Nc3 Bb7 5. f3 d5 6. Bf4 Bd6 7. Bxd6 Qxd6 8. Nb5 Qc6 9. Qa4 0-0 10. e3 a6 11. Nc3 dxc4 12. Qxc4 Qd7 13. e4 Nc6 14. 0-0-0 Na5 15. Qa2 Qc6 16. Kb1 b5 17. Rc1 Qb6 18. b4 Nc6 19. d5 exd5 20. Nxd5 Nxd5 21. Qxd5 Nxb4 22. Qd7 Nc6 23. Be2 b4 24. a4 Rad8 25. Qg4 Rd2 26. Rc2 Rxc2 27. Kxc2 b3+ 28. Kb1 Rd8 29. Qg5 Qf2 30. Kb2 Qe1 31. Kxb3 Rb8 32. Kc2 Nd4+ 0-1